Desigualdad y pobreza en Costa Rica /
El documento es un compendio de diversos trabajos de autores en torno al tema de la desigualdad y la pobreza en Costa Rica, que pretende generar una discusión acerca de la situación del país e invitar a una valoración sobre el grado de solidaridad y cohesión social que realmente desea el país.
Guardado en:
| Hovedforfatter: | |
|---|---|
| Andre forfattere: | , , , |
| Format: | Ukendt |
| Sprog: | Spanish |
| Udgivet: |
Costa Rica :
CEDAL
2011
|
| Fag: | |
| Tags: |
Tilføj Tag
Ingen Tags, Vær først til at tagge denne postø!
|
MARC
| LEADER | 00000 a2200000 04500 | ||
|---|---|---|---|
| 001 | 47716 | ||
| 003 | cru CIDCACS/IIS | ||
| 005 | 20230530081624.0 | ||
| 008 | 050703s2011 cr spa d | ||
| 020 | |a 978-9977-956-45-9 | ||
| 040 | |c CRAI/IIS | ||
| 090 | |a 03.02.05 D457d | ||
| 100 | |a García Quesada, Ana Isabel | ||
| 245 | |a Desigualdad y pobreza en Costa Rica / |c Ana Isabel García Quesada, Enrique Gomáriz Moraga, Carlos H. Lépiz Jiménez, Carla Morales Rojas, Ennio Rodríguez Céspedes | ||
| 260 | |a Costa Rica : |b CEDAL |c 2011 | ||
| 300 | |a 203 páginas : |b tablas, gráficos | ||
| 520 | |a El documento es un compendio de diversos trabajos de autores en torno al tema de la desigualdad y la pobreza en Costa Rica, que pretende generar una discusión acerca de la situación del país e invitar a una valoración sobre el grado de solidaridad y cohesión social que realmente desea el país. | ||
| 650 | 0 | |9 77 |a DESIGUALDAD SOCIAL | |
| 650 | 0 | |9 284 |a POBREZA | |
| 650 | 0 | |9 5214 |a SOLIDARIDAD | |
| 650 | 0 | |9 7877 |a COHESION SOCIAL | |
| 651 | 0 | |9 32 |a COSTA RICA | |
| 700 | |a Gomáriz Moraga, Enrique | ||
| 700 | |a Lépiz Jiménez, Carlos H. | ||
| 700 | |a Morales Rojas, Carla | ||
| 700 | |a Rodríguez Céspedes, Ennio | ||
| 942 | |2 ddc |c LI |h 03.02.05 D457d |i 14549 |6 030205_D457D_14549 | ||
| 999 | |c 1469 |d 1469 | ||



